Degradácia liečív a drog z odpadových vôd pomocou biologických a chemických postupov diplomová práca

Enregistré dans:
Détails bibliographiques
Auteur principal: Tichý, Jozef
Format: Livre
Langue:slovaque
Publié: Bratislava STU FCHPT 2014
Accès en ligne:Voir à l'OPAC
Tags: Ajouter un tag
Pas de tags, Soyez le premier à ajouter un tag!

MARC

LEADER 00000nam a2200000 a 4500
005 20260127134228.0
008 140708 2014 000 0 slo d
035 |a vtls010608791 
039 9 |y 201407081306  |z mschk03 
040 |a STUSCHK1  |b slo  |c STUSCHK1  |e AACR2 
100 1 |a Tichý, Jozef 
245 1 |a Degradácia liečív a drog z odpadových vôd pomocou biologických a chemických postupov  |b diplomová práca  |c Jozef Tichý 
260 |a Bratislava  |b STU FCHPT  |c 2014 
300 |a 82 s.  |b Obr., tab. príl.  |c 30 cm 
500 |a Obhájené: 9.6.2014 
500 |a Štud. program: environmentálna chémia a technológia 
500 |a Štud. odbor: chemické technológie 
500 |a Škol. pracovisko: Odd. environmentálneho inžinierstva 
500 |a Evid. číslo: FCHPT-13572-26852 
910 |a SCHK95 
999 |c 7281  |d 7281